Cruces torcidas en la Isla Martín García / (Registro nro. 2441)
[ vista simple ]
| 000 -LEADER | |
|---|---|
| fixed length control field | 00657nam a2200193 a 4500 |
| 008 - CAMPO DE CONTROL (LIBRO) | |
| fixed length control field | 161215t2010 ag a|||g |||| 001 | spa d |
| 020 ## - INTERNATIONAL STANDARD BOOK NUMBER | |
| ISBN | 9789876042048 |
| 041 ## - CODIGO DE IDIOMA | |
| Código de idioma del texto/pista de sonido o título separado | spa |
| 092 ## - SIGNATURA TOPOGRAFICA DEWEY LOCAL | |
| número de clasificación | 982 |
| libristica | 15 |
| sección | DEL |
| 100 1# - ENTRADA PRINCIPAL--NOMBRE PERSONAL | |
| Nombre personal | Del Muro, María Laura |
| 9 (RLIN) | 3275 |
| 245 ## - TITULO PROPIAMENTE DICHO | |
| Título | Cruces torcidas en la Isla Martín García / |
| Mención de responsabilidad y remanente de la transcripción de la portada | Maria Laura del Muro |
| 250 ## - MENCION DE EDICION | |
| Mención de edición | 1a ed. |
| 260 ## - PIE DE IMPRENTA | |
| Lugar de publicación, distribución, etc | Neuquén: |
| Nombre de la editorial, distribuidor, etc | EDUCO; |
| Fecha de publicación | 2010. |
| 300 ## - DESCRIPCION FISICA | |
| Extension | 60 p. |
| Dimensiones | 21x15 cm. |
| 500 ## - NOTA GENERAL | |
| Nota general | Del Muro, M. L. (2010). Cruces torcidas en la Isla Martín García. (1a ed.). Neuquén : EDUCO. |
| 590 ## - NOTAS LOCALES (RLIN) | |
| Nota local | Proyecto 4to libro. Donación EDUCO, Septiembre 2017 |
| 655 ## - MATERIA - GENERO/FORMA | |
| Género/Forma | Historia Argentina |
| -- | 3216 |
| 942 ## - ADDED ENTRY ELEMENTS (KOHA) | |
| Source of classification or shelving scheme | Dewey Decimal Classification |
| Item type | LITERATURA |
| Estado de retiro | Existencia | Fuente de clasificación | Estado general | No para prestamo | Ubicación permanente | ubicación actual | Sala de ubicación | Fecha de adquisición | Fuente de adquisición | Total Checkouts | Número de clasificación | Código de barras | Date last seen | Número de ejemplar | Price effective from | Koha tipo de elemento (item) | Public note |
|---|---|---|---|---|---|---|---|---|---|---|---|---|---|---|---|---|---|
| Dewey Decimal Classification | Biblioteca Medicina | Biblioteca Medicina | Circulación | 15/09/2017 | Proyecto 4to Libro. Donacion EDUCO, Septiembre 2017 | 982 15 DEL | 3909 | 15/09/2017 | Ej. 1 | 15/09/2017 | LITERATURA | Proyecto 4to Libro. Donacion EDUCO, Septiembre 2017 |